01894naa a2200265 a 450000100080000000500110000800800410001910000280006024501430008826000090023152010800024065300190132065300120133965300180135165300170136965300250138665300280141165300090143970000140144870000190146270000160148170000230149770000200152077300880154011205022014-03-31 2014 bl uuuu u00u1 u #d1 aBALBINOT J??NIOR, A. A. aAplica????o de res??duo de reciclagem de papel em Cambissolo H??plico e seu efeito no solo e no cultivo de plantas.h[electronic resource] c2014 aO processo de reciclagem de papel gera grande quantidade de res??duo e a sua aplica????o no solo pode ser uma das estrat??gias de disposi????o desse produto, sendo necess??rio estudar os seus efeitos no solo e nas culturas agr??colas. O objetivo deste trabalho foi avaliar o efeito da aplica????o de res??duo de reciclagem de papel sobre atributos qu??micos de um Cambissolo H??plico muito ??cido e na produtividade de gr??os de soja e feij??o. Utilizou-se o delineamento experimental de blocos completos casualizados, com tr??s repeti????es. Os tratamentos foram: testemunha, sem calc??rio ou res??duo; res??duo da reciclagem de papel nas doses de 50, 100, 150, 250, 400 e 600 Mg ha-1, em base ??mida; e calc??rio dolom??tico para elevar o pH do solo em ??gua para 6,0. O res??duo corrigiu a acidez do solo, bem como aumentou os teores de c??lcio e f??sforo. As doses de res??duo n??o interferiram nos teores de metais pesados no solo e nos gr??os. As m??ximas produtividades de soja e feij??o s??o obtidas nas doses de 323 e 372 Mg ha-1 de res??duo ??mido, respectivamente. aAcidez do solo aFeij??o aGlycine max L aMetal pesado aPhaseolus vulgaris L aProdutividade de gr??os aSoja1 aVEIGA, M.1 aFONSECA, J. A.1 aVOGT, G. A.1 aALBUQUERQUE, J. A.1 aCOSTA, E. R. O. tRevista Brasileira de Ci??ncia do Solo, Vi??osa, MGgv. 38, n. 1, p. 336-344, 2014.